00501nam a2200181Ia 4500008004100000020001800041050001400059100002500073245006600098245005600164260001500220260001600235260000900251300001400260300002700274300001000301500000800311170918s9999 xx 000 0 und d a9780545292818 bG348 2005 aGeorge, Judith, St.  4aThe journey of the one and only declaration of independence / cJudith S. George ; illustrated by Will Hillenbrand. aNew York : bScholastic, c2005 aunpaged : bcolored illustration ; c22cm. a890